Fr. Conceicao Rodrigues College of Engineering

Game Architecture and design (Record no. 21071)

MARC details
000 -LEADER
fixed length control field 00292nam a2200133Ia 4500
082 ## - DEWEY DECIMAL CLASSIFICATION NUMBER
Classification number 6.6
Item number ROL
100 ## - MAIN ENTRY--PERSONAL NAME
Personal name Rollings/Andrew
245 ## - TITLE STATEMENT
Title Game Architecture and design
260 ## - PUBLICATION, DISTRIBUTION, ETC.
Name of publisher, distributor, etc. New Rider
546 ## - LANGUAGE NOTE
Language note ENGLISH
-- electronics
650 ## - SUBJECT ADDED ENTRY--TOPICAL TERM
Topical term or geographic name entry element Game architecture
942 ## - ADDED ENTRY ELEMENTS (KOHA)
Koha item type BOOK
Holdings
Withdrawn status Lost status Damaged status Not for loan Collection Home library Current library Date acquired Source of acquisition Inventory number Total Checkouts Full call number Barcode Date due Date last seen Date last checked out Price effective from Koha item type
        CRC Fr. Agnel's C.Rodrigues College of Engineering Fr. Agnel's C.Rodrigues College of Engineering 17/03/2023 Student Centre 160 dt 15/03/2011   6.6 ROL 21405   17/03/2023     BOOK
        CRC Fr. Agnel's C.Rodrigues College of Engineering Fr. Agnel's C.Rodrigues College of Engineering 17/03/2023 Student Centre 160 dt 15/03/2011   6.6 ROL 21406   17/03/2023     BOOK
        CRC Fr. Agnel's C.Rodrigues College of Engineering Fr. Agnel's C.Rodrigues College of Engineering 17/03/2023 Student Centre 160 dt 15/03/2011   6.6 ROL 21407   17/03/2023     BOOK
        CRC Fr. Agnel's C.Rodrigues College of Engineering Fr. Agnel's C.Rodrigues College of Engineering 17/03/2023 Student Centre 160 dt 15/03/2011   6.6 ROL 21408   17/03/2023     Reference Book
        CRC Fr. Agnel's C.Rodrigues College of Engineering Fr. Agnel's C.Rodrigues- College of Engineering 17/03/2023 Student Centre 160 dt 15/03/2011 1 6.6 ROL 21404 25/01/2013 12/06/2023 12/06/2023   BOOK